• 首页
  • 本馆介绍
  • 公告通知
  • 最新文献
  • 馆藏检索
  • 电子资源
  • 读者导购
  • 参考咨询
  • 我的图书馆
  • 登录
  • 详细信息显示
  • 放入我的书架
  • 预约/预借图书
  • 作者相关作品
  • 分类相关作品
  • 丛书相关作品
  • 出版社相关作品

书目信息

  • 表格格式
  • 工作单格式
  • 卡片格式
题名:
美国文学新闻史
    
 
作者: 哈索克 著 ;李梅 译
分册:  
出版信息: 上海   复旦大学出版社  2019.3
页数: 278页
开本: 23cm
丛书名:
单 册:
中图分类: G219.712.9 , I712.075
科图分类:
主题词: 新闻写作--新闻事业史--研究--美国
电子资源:
ISBN: 978-7-309-13956-3
000 01434nam0 2200313 45
001 012001003984
005 20140926090335.0
010    @a978-7-309-13956-3@dCNY68.00
099    @aCAL 012019068366
100    @a20190527d2019 em y0chiy0110 ea
101 1  @achi@ceng
102    @aCN@b310000
105    @ay a 000yy
106    @ar
200 1  @a美国文学新闻史@Amei guo wen xue xin wen shi@e一种现代叙事形式的兴起@d= A history of American literary journalism@ethe emergence of a modern narrative form@f(美) 约翰·C. 哈索克著@fJohn C. Hartsock@g李梅译@zeng
210    @a上海@c复旦大学出版社@d2019.3
215    @a278页@d23cm
300    @a其他题名:一种现代叙事形式的兴起
320    @a有书目 (第253-276页)
330    @a本书探讨了文学新闻写作与新闻客观性的关系, 认为文学新闻是写作者在完全得到事实真相的基础上, 用更人性化、艺术化的方法将它描写出来, 让读者从另外一个角度看到故事中的自己。本书将理论研究、历史研究和文学主题的研究及分析交织在一起。历史研究与文学理论研究相结合最终使文体的理论研究在新闻史中找到落脚点。
500 10 @aHistory of American literary journalism : the emergence of a modern narrative form@mChinese
517 1  @a一种现代叙事形式的兴起
606 0  @a新闻写作@x新闻事业史@x研究@y美国
690    @aG219.712.9@v5
690    @aI712.075@v5
701  1 @a哈索克@Aha suo ke@g(Hartsock, John C.)@4著
702  0 @a李梅@Ali mei@4译
801    @aCN@bAHXH@c20210922
905    @b1328819-23@dG219.712.9@e1006@f5
    
    美国文学新闻史:一种现代叙事形式的兴起= A history of American literary journalism:the emergence of a modern narrative form/(美) 约翰·C. 哈索克著/John C. Hartsock/李梅译.-上海:复旦大学出版社,2019.3
    278页;23cm
    其他题名:一种现代叙事形式的兴起
    
    ISBN 978-7-309-13956-3:CNY68.00
    本书探讨了文学新闻写作与新闻客观性的关系, 认为文学新闻是写作者在完全得到事实真相的基础上, 用更人性化、艺术化的方法将它描写出来, 让读者从另外一个角度看到故事中的自己。本书将理论研究、历史研究和文学主题的研究及分析交织在一起。历史研究与文学理论研究相结合最终使文体的理论研究在新闻史中找到落脚点。
●
相关链接 在E读中查询图书 在五车中查询图书 在当当中查询图书 在豆瓣中查询图书


正题名:美国文学新闻史     索取号:G219.712.9/1006         预约/预借

序号 登录号 条形码 馆藏地/架位号 状态 备注
1 1328819   213288191   第一样本阅览室/ [索取号:G219.712.9/1006] 在馆    
2 1328820   213288208   教育系资料室/ [索取号:G219.712.9/1006] 在馆    
3 1328821   213288217   教育系资料室/ [索取号:G219.712.9/1006] 在馆    
4 1328822   213288226   第四借阅区/ [索取号:G219.712.9/1006] 在馆    
5 1328823   213288235   第四借阅区/ [索取号:G219.712.9/1006] 在馆    
唐山师范学院图书馆 欢迎您!
大连网信软件有限公司© 版权所有